| 000 | 00703nam a2200205 a 4500 | ||
|---|---|---|---|
| 005 | 20240411063656.0 | ||
| 008 | 991125m19681995mx 000 0 spa u | ||
| 020 | _a9682400945 | ||
| 035 | _aUPN01000001613 | ||
| 049 | _aF | ||
| 050 | 4 |
_aQA11 _aT4.18 no.4 |
|
| 245 | 0 | 0 |
_aAlgoritmos de las operaciones con números enteros / _ctr. Federico Galván Anaya. |
| 260 |
_aMéxico : _bTrillas, _c1968 (1995 impr.). |
||
| 300 | _a45 p. | ||
| 440 | 0 |
_aTemas de matemáticas. _pCuaderno ; _v4 |
|
| 534 |
_pTraducción de: _tTopics in mathematics for elementary school teachers : algorithms for operations with whole numbers |
||
| 650 | 2 |
_aAlgoritmos _92187 |
|
| 650 | 2 |
_aNúmeros enteros _918930 |
|
| 905 | _aLibro | ||
| 999 |
_c1613 _d1613 |
||